| 000 | 00371nam a2200145Ia 4500 | ||
|---|---|---|---|
| 008 | 230917s9999||||xx |||||||||||||| ||und|| | ||
| 040 |
_e232410 _aMAIN |
||
| 041 | _aEnglish | ||
| 082 | _a595.7076 B147A | ||
| 100 | _aBagde, A S | ||
| 245 | 0 | _aObjective agricultural entomology | |
| 260 |
_aNew Delhi _bDaya Publishing House _c2014 |
||
| 300 | _av, 176 p. | ||
| 942 | _cBK | ||
| 999 |
_c180994 _d180994 |
||